Datum a čas kvízu
37.5
Celkem bodů
Celkový počet nahraných bodů na tomto kvízu bez doplňovacích otázek.
5.
Pořadí na kvízu
Konečné umístění týmu na tomto kvízu.
Zaznamenané odpovědi
| # | Otázka | Odpověď | Body | Výsledky |
|---|---|---|---|---|
| 1. | Moderátor jednoho rádia nabíze... | Michal Kavalčík / Ruda z Ostravy | 1 | |
| 2. | Vláda jisté země dala ve čtvrt... | Francisco Franco | 1 | |
| 3. | Naše nejvýznamnější šansoniérk... | 88. narozeniny | 0 | |
| 4. | Minulý týden jsme se dozvěděli... | Avast | 1 | |
| 5. | Vladimír Růžička se po půl roc... | Hradec Králové | 1 | |
| 6. | Druhý díl naší cesty kolem svě... | Myanmar (Barma) | 0 | |
| 7. | Pokračujeme dále do jihovýchod... | Malajsie | 0 | |
| 8. | Další dvě otázky budou patřit... | Medvídek Pú | 1 | |
| 9. | Jakou barvou je přibližně vyz... | žlutou barvou | 0 | |
| 10. | Dnešní putování zakončíme v Mo... | z kobylího mléka | 0 |